书目信息 |
| 题名: |
钢琴名作演奏探索
|
|
| 作者: | 巴克斯 著 ;杨耀坤 译 | |
| 分册: | 4 作品 | |
| 出版信息: | 上海 上海音乐出版社 2016.09 |
|
| 页数: | 44页 | |
| 开本: | 31cm | |
| 丛书名: | ||
| 单 册: | ||
| 中图分类: | J624.16 , J657.41 | |
| 科图分类: | ||
| 主题词: | 钢琴--奏法 , 钢琴曲--作品集--世界 | |
| 电子资源: | ||
| ISBN: | 978-7-5523-1002-3 | |
| 000 | 01253nam0 2200325 450 | |
| 001 | 0120162037451 | |
| 005 | 20180906145140.14 | |
| 010 | @a978-7-5523-1002-3@dCNY30.00(含光盘) | |
| 100 | @a20161229d2016 em y0chiy50 ea | |
| 101 | 1 | @achi@ceng |
| 102 | @aCN@b310000 | |
| 105 | @aag z 000yy | |
| 106 | @ar | |
| 200 | 1 | @a钢琴名作演奏探索@9gang qin ming zuo yan zou tan suo@h4@i作品@f(美)南希·巴克斯(Nancy Bachus)著@g杨耀坤译 |
| 210 | @a上海@c上海音乐出版社@d2016.09 | |
| 215 | @a44页@c图@d31cm@e1光盘 | |
| 300 | @a原版引进 | |
| 305 | @a美国阿尔弗莱德出版公司提供版权 | |
| 306 | @a与上海文艺音像电子出版社合作出版 | |
| 307 | @a附光盘:ISBN 978-7-88889-166-1 | |
| 330 | @a本山野收录了不同时期主流音乐风格的众多乐曲。我们对美国、加拿大和英国的节日习俗、比赛和考试题目等进行了研究,在这个基础上确定了曲目名单,并对它们进行了分级。另外本书还收录了每种音乐作品风格的背景资料,包括所使用的乐器、作曲家和音乐本身。本册为4。 | |
| 333 | @a钢琴爱好者 | |
| 606 | 0 | @a钢琴@x奏法 |
| 606 | 0 | @a钢琴曲@x作品集@y世界 |
| 690 | @aJ624.16@v5 | |
| 690 | @aJ657.41@v5 | |
| 701 | 0 | @c(美)@a巴克斯@9ba ke si@c(Bachus, Nancy)@4著 |
| 702 | 0 | @a杨耀坤@9yang yao kun@4译 |
| 801 | 0 | @aCN@b人天书店@c20161229 |
| 905 | @b1088579-83@dJ624.16@e343:4@f5 | |
| 钢琴名作演奏探索.4.作品/(美)南希·巴克斯(Nancy Bachus)著/杨耀坤译.-上海:上海音乐出版社,2016.09 |
| 44页:图;31cm+1光盘 |
| 原版引进.-使用对象:钢琴爱好者 |
| ISBN 978-7-5523-1002-3:CNY30.00(含光盘) |
| 本山野收录了不同时期主流音乐风格的众多乐曲。我们对美国、加拿大和英国的节日习俗、比赛和考试题目等进行了研究,在这个基础上确定了曲目名单,并对它们进行了分级。另外本书还收录了每种音乐作品风格的背景资料,包括所使用的乐器、作曲家和音乐本身。本册为4。 |
| ● |
| 相关链接 |
|
|
|
|
正题名:钢琴名作演奏探索
索取号:J624.16/343:4
 
预约/预借
| 序号 | 登录号 | 条形码 | 馆藏地/架位号 | 状态 | 备注 |
| 1 | 1088579 | 210885791 | 第一样本阅览室/ [索取号:J624.16/343:4] | 在馆 | |
| 2 | 1088580 | 210885808 | 教育系资料室/ [索取号:J624.16/343:4] | 在馆 | |
| 3 | 1088581 | 210885817 | 教育系资料室/ [索取号:J624.16/343:4] | 在馆 | |
| 4 | 1088582 | 210885826 | 第一借阅区/ [索取号:J624.16/343:4] | 在馆 | |
| 5 | 1088583 | 210885835 | 第一借阅区/ [索取号:J624.16/343:4] | 在馆 |